书目信息 |
| 题名: |
C++程序设计基础
|
|
| 作者: | 严运国 , 赵海廷 主编 | |
| 分册: | ||
| 出版信息: | 北京 科学出版社 2005.12 |
|
| 页数: | 235页 | |
| 开本: | 26cm | |
| 丛书名: | ||
| 单 册: | ||
| 中图分类: | TP312C | |
| 科图分类: | ||
| 主题词: | C语言--C yu yan--程序设计 | |
| 电子资源: | ||
| ISBN: | 7-03-016126-2 | |
| 000 | 00885nam0 2200241 450 | |
| 001 | 012006993819 | |
| 005 | 20060626162807.37 | |
| 010 | @a7-03-016126-2@dCNY22.80 | |
| 100 | @a20060612d2005 km y0chiy0120 ea | |
| 101 | 0 | @achi |
| 102 | @aCN@b110000 | |
| 105 | @ay z 000yy | |
| 200 | 1 | @aC++程序设计基础@AC++cheng xu she ji ji chu@f严运国, 赵海廷主编@Fyan yun guo,zhao hai ting zhu bian |
| 210 | @a北京@c科学出版社@d2005.12 | |
| 215 | @a235页@d26cm | |
| 300 | @a21世纪高职高专课程与教学改革系列教材"十一五"规划教材 | |
| 330 | @a本书为C++程序设计教程,内容包括:认识C++,数据类型、运算符及表达式,结构化程序设计,数组,指针,函数,编译预处理,复杂数据类型,类与对象。 | |
| 606 | 0 | @aC语言@AC yu yan@x程序设计 |
| 690 | @aTP312C@v4 | |
| 701 | 0 | @a严运国@Ayan yun guo@4主编 |
| 701 | 0 | @a赵海廷@Azhao hai ting@4主编 |
| 801 | 0 | @aCN@bQSSK@c20060626 |
| 905 | @a10447@dTP312C@eY070 | |
| C++程序设计基础/严运国, 赵海廷主编.-北京:科学出版社,2005.12 |
| 235页;26cm |
| 21世纪高职高专课程与教学改革系列教材"十一五"规划教材 |
| ISBN 7-03-016126-2:CNY22.80 |
| 本书为C++程序设计教程,内容包括:认识C++,数据类型、运算符及表达式,结构化程序设计,数组,指针,函数,编译预处理,复杂数据类型,类与对象。 |
| ● |
| 相关链接 |
|
|
|
正题名:C++程序设计基础
索取号:TP312C/Y070
 
预约/预借
| 序号 | 登录号 | 条形码 | 馆藏地/架位号 | 状态 | 备注 |
| 1 | 586531 | 205865312 | 自科库301/301自科库 48排6列5层/ [索取号:TP312C/Y070] | 在馆 | |
| 2 | 586532 | 205865321 | 自科库301/301自科库 54排7列4层/ [索取号:TP312C/Y070] | 在馆 | |
| 3 | 586533 | 205865330 | 自科库301/301自科库 54排7列4层/ [索取号:TP312C/Y070] | 在馆 |